[Event "Las Tunas Guerrero Memorial-A"]
[Site "Las Tunas"]
[Date "2020.02.19"]
[Round "6.3"]
[White "Rodriguez Dosina, Adrian"]
[Black "Castellanos Sanchez, Carlos Manuel"]
[Result "0-1"]
[WhiteElo "2285"]
[BlackElo "2268"]
[PlyCount "102"]
[EventDate "2020.02.16"]
[EventType "tourn"]
[EventRounds "10"]
[EventCountry "CUB"]
[EventCategory "2"]
[SourceTitle "EXT 2023"]
[Source "ChessBase"]
[SourceDate "2022.10.05"]
[SourceVersion "1"]
[SourceVersionDate "2022.10.05"]
[SourceQuality "1"]

1. c4 Nf6 2. Nc3 d5 3. d4 g6 4. Nf3 Bg7 5. cxd5 Nxd5 6. Bd2 0-0 7. e4 Nb6 8. Be3 Bg4 9. Be2 Nc6 10. d5 Na5 11. Nd2 Bxe2 12. Qxe2 c6 13. dxc6 Nxc6 14. Nb3 Qc8 15. 0-0 Qe6 16. Rac1 Qc4 17. Qc2 Nb4 18. Qb1 Nd3 19. Nd2 Qa6 20. Rc2 Nb4 21. Rcc1 Rfc8 22. Nb3 Nd3 23. Rc2 Nxb2 24. Nc5 Qa3 25. Rxb2 Qxc3 26. Rb3 Qe5 27. Rxb6 axb6 28. Nd7 Qb2 29. Nxb6 Re8 30. Nxa8 Rxa8 31. Rd1 Qxb1 32. Rxb1 Rxa2 33. f3 Ra1 34. Rf1 Kf8 35. Rxa1 Bxa1 36. Kf1 Ke8 37. Ke2 Kd7 38. Kd3 Kc6 39. Kc4 f5 40. exf5 gxf5 41. g4 fxg4 42. fxg4 b5+ 43. Kb4 Be5 44. h4 Bd6+ 45. Ka5 Bg3 46. Bg5 Be1+ 47. Ka6 e5 48. Bf6 e4 49. h5 e3 50. g5 Bh4 51. g6 Bxf6 0-1

[Event "Capablanca Memorial op-A 46th"]
[Site "Havana"]
[Date "2011.05.20"]
[Round "9"]
[White "Castellanos Sanchez, Carlos Manuel"]
[Black "Rasmussen, Karsten"]
[Result "1/2-1/2"]
[WhiteElo "2293"]
[BlackElo "2434"]
[PlyCount "75"]
[EventDate "2011.05.11"]
[EventType "swiss"]
[EventRounds "10"]
[EventCountry "CUB"]
[SourceTitle "CBM 142 Extra"]
[Source "ChessBase"]
[SourceDate "2011.06.27"]
[SourceVersion "1"]
[SourceVersionDate "2011.06.27"]
[SourceQuality "1"]

1. e4 c6 2. Nc3 d5 3. Qf3 dxe4 4. Nxe4 Nd7 5. d4 Ndf6 6. c3 Bg4 7. Nxf6+ Nxf6 8. Qg3 e6 9. Be2 Bf5 10. Bf3 Ne4 11. Bxe4 Bxe4 12. Ne2 Bg6 13. 0-0 Bd6 14. Bf4 Be7 15. Bc7 Qd7 16. Be5 f6 17. Bf4 0-0 18. Rfe1 Rfe8 19. Qf3 a5 20. Ng3 a4 21. a3 Qd5 22. Qxd5 exd5 23. Nf1 Kf7 24. f3 h5 25. Ne3 h4 26. Kf2 Bh7 27. h3 Bf8 28. Rad1 Re6 29. Ng4 Rae8 30. Rxe6 Rxe6 31. Ne3 Ke8 32. c4 dxc4 33. Nxc4 Bc2 34. Rd2 Bb3 35. Na5 c5 36. Nxb7 cxd4 37. Rxd4 Rb6 38. Nd6+ 1/2-1/2

[Event "Capablanca Memorial op-A 46th"]
[Site "Havana"]
[Date "2011.05.17"]
[Round "6"]
[White "Forgas Moreno, Yaniela"]
[Black "Castellanos Sanchez, Carlos Manuel"]
[Result "1/2-1/2"]
[WhiteElo "2093"]
[BlackElo "2293"]
[PlyCount "127"]
[EventDate "2011.05.11"]
[EventType "swiss"]
[EventRounds "10"]
[EventCountry "CUB"]
[SourceTitle "CBM 142 Extra"]
[Source "ChessBase"]
[SourceDate "2011.06.27"]
[SourceVersion "1"]
[SourceVersionDate "2011.06.27"]
[SourceQuality "1"]

1. e4 e5 2. Nf3 d6 3. Bc4 Be7 4. c3 Nf6 5. d3 0-0 6. 0-0 c6 7. Bb3 Nbd7 8. Re1 Nc5 9. Bc2 Qc7 10. Nbd2 g6 11. d4 Ne6 12. Nc4 exd4 13. Nxd4 b5 14. Nxe6 Bxe6 15. Ne3 Rad8 16. Qf3 Rfe8 17. Nf1 Ng4 18. h3 Ne5 19. Qg3 Bf6 20. Bg5 Bxg5 21. Qxg5 Qe7 22. Qg3 Nc4 23. b3 Na3 24. Bd3 c5 25. Ne3 c4 26. Bf1 Qf6 27. bxc4 bxc4 28. Rac1 Qe5 29. f4 Qg7 30. f5 gxf5 31. Qxg7+ Kxg7 32. exf5 Bc8 33. Nxc4 Nxc4 34. Bxc4 Bxf5 35. Rxe8 Rxe8 36. Rd1 Rc8 37. Bb3 Rc6 38. Kf2 Kf6 39. Ke2 Bg6 40. Rd4 h5 41. Kd2 Ke5 42. Bc2 Ra6 43. Bxg6 fxg6 44. a4 d5 45. g4 Rf6 46. gxh5 gxh5 47. Rh4 Rf5 48. Ke3 Rg5 49. Kf3 a5 50. Ke3 Rf5 51. Kd3 Kf6 52. Ke3 Ke5 53. Kd3 Rg5 54. Ke3 Rf5 55. Kd3 Rf3+ 56. Kd2 Rf4 57. Rxh5+ Kd6 58. h4 Rxa4 59. Rh8 Rg4 60. Ra8 Rxh4 61. Rxa5 Ke5 62. Ra8 Rh2+ 63. Kd3 Rh3+ 64. Kd2 1/2-1/2

[Event "Capablanca Memorial op-A 46th"]
[Site "Havana"]
[Date "2011.05.14"]
[Round "4"]
[White "Borges Feria, Yasel"]
[Black "Castellanos Sanchez, Carlos Manuel"]
[Result "1/2-1/2"]
[WhiteElo "2406"]
[BlackElo "2293"]
[PlyCount "53"]
[EventDate "2011.05.11"]
[EventType "swiss"]
[EventRounds "10"]
[EventCountry "CUB"]
[SourceTitle "CBM 142 Extra"]
[Source "ChessBase"]
[SourceDate "2011.06.27"]
[SourceVersion "1"]
[SourceVersionDate "2011.06.27"]
[SourceQuality "1"]

1. Nf3 Nf6 2. c4 c5 3. g3 Nc6 4. Bg2 g6 5. b3 Bg7 6. Bb2 0-0 7. 0-0 d6 8. Nc3 Bg4 9. h3 Bd7 10. d4 cxd4 11. Nxd4 Qc8 12. Nxc6 Bxc6 13. Qd3 Bxg2 14. Kxg2 Qc6+ 15. Qf3 Qxf3+ 16. Kxf3 Nd7 17. Rab1 Bxc3 18. Bxc3 Rfc8 19. a4 a5 20. Rfd1 f6 21. Rd5 Nc5 22. Bd4 b6 23. e4 Rc6 24. Bxc5 bxc5 25. Rc1 Rb6 26. Rc3 Rab8 27. Rdd3 1/2-1/2

[Event "Capablanca Memorial op-A 46th"]
[Site "Havana"]
[Date "2011.05.11"]
[Round "1"]
[White "Castellanos Sanchez, Carlos Manuel"]
[Black "Guerra Mendez, Jose Angel"]
[Result "0-1"]
[WhiteElo "2293"]
[BlackElo "2472"]
[PlyCount "96"]
[EventDate "2011.05.11"]
[EventType "swiss"]
[EventRounds "10"]
[EventCountry "CUB"]
[SourceTitle "CBM 142 Extra"]
[Source "ChessBase"]
[SourceDate "2011.06.27"]
[SourceVersion "1"]
[SourceVersionDate "2011.06.27"]
[SourceQuality "1"]

1. e4 e5 2. Nc3 Bc5 3. Nf3 Nc6 4. Bc4 d6 5. d3 Be6 6. Bxe6 fxe6 7. Na4 Bb6 8. Nxb6 axb6 9. 0-0 Nf6 10. Ng5 Qe7 11. f4 exf4 12. Bxf4 0-0 13. Nh3 h6 14. a3 Rf7 15. Bd2 Raf8 16. Bc3 e5 17. Qe2 d5 18. Rf2 Qc5 19. Raf1 dxe4 20. dxe4 Ne8 21. g3 Nd6 22. Kg2 Qc4 23. Re1 b5 24. Qd3 Nd4 25. Bxd4 exd4 26. Rxf7 Nxf7 27. e5 Qxd3 28. cxd3 Re8 29. e6 Nd6 30. Nf4 c6 31. h4 g5 32. hxg5 hxg5 33. Nh3 g4 34. Nf2 Kf8 35. Nxg4 Ke7 36. Nh2 Rg8 37. Re5 Kf6 38. Re1 Nf5 39. g4 Ne3+ 40. Kf3 Kxe6 41. Ke4 c5 42. b4 b6 43. Rg1 Rf8 44. bxc5 bxc5 45. Nf3 Nd5 46. Nxd4+ cxd4 47. Kxd4 Kd6 48. Re1 Ra8 0-1

[Event "CUB-ch sf"]
[Site "Santa Clara"]
[Date "2010.11.08"]
[Round "2"]
[White "Quesada Perez, Yasser"]
[Black "Castellanos Sanchez, Carlos Manuel"]
[Result "1-0"]
[WhiteElo "2421"]
[BlackElo "2281"]
[PlyCount "49"]
[EventDate "2010.11.07"]
[EventType "tourn"]
[EventRounds "13"]
[EventCountry "CUB"]
[EventCategory "4"]
[SourceTitle "CBM 139 Extra"]
[Source "ChessBase"]
[SourceDate "2011.01.05"]
[SourceVersion "1"]
[SourceVersionDate "2011.01.05"]
[SourceQuality "1"]

1. e4 Nf6 2. Nc3 d5 3. e5 d4 4. exf6 dxc3 5. bxc3 exf6 6. Nf3 Bd6 7. h3 0-0 8. Be2 Nc6 9. 0-0 Bd7 10. d4 Ne7 11. c4 b6 12. Re1 Ng6 13. Bf1 Bc6 14. c3 Re8 15. Rxe8+ Qxe8 16. Bd3 Qd7 17. Be3 Re8 18. a4 f5 19. d5 Rxe3 20. dxc6 Qe8 21. fxe3 Qxe3+ 22. Kh1 Nf4 23. Qe1 Qc5 24. Qe8+ Bf8 25. Ne5 1-0

[Event "Ciego de Avila"]
[Site "Ciego de Avila"]
[Date "2010.10.23"]
[Round "9"]
[White "Castellanos Sanchez, Carlos Manuel"]
[Black "Sanchez Alvarez, Roberto Carlos"]
[Result "0-1"]
[WhiteElo "2332"]
[BlackElo "2359"]
[PlyCount "126"]
[EventDate "2010.10.15"]
[EventType "tourn"]
[EventRounds "14"]
[EventCountry "CUB"]
[SourceTitle "EXT 2013"]
[Source "ChessBase"]
[SourceDate "2012.11.22"]
[SourceVersion "1"]
[SourceVersionDate "2012.11.22"]
[SourceQuality "1"]

1. Nf3 d5 2. g3 g6 3. Bg2 Bg7 4. 0-0 e5 5. d3 Ne7 6. Nbd2 c5 7. c3 0-0 8. e4 Nbc6 9. Re1 d4 10. cxd4 cxd4 11. Nc4 b5 12. Na3 a6 13. Bd2 h6 14. Rf1 Bg4 15. h3 Be6 16. Ne1 Qd7 17. Kh2 Rac8 18. f4 f5 19. exf5 Nxf5 20. Nac2 exf4 21. gxf4 Nh4 22. Qe2 Rce8 23. Qf2 Nxg2 24. Qxg2 Bxh3 25. Qxh3 Re2+ 26. Ng2 Qxh3+ 27. Kxh3 Rxd2 28. Nce1 Rxb2 29. a4 b4 30. Rc1 Rf6 31. Nf3 Rb3 32. Rcd1 Ra3 33. Rfe1 Rxa4 34. Re8+ Kf7 35. Rc8 b3 36. Nd2 b2 37. Rc7+ Kg8 38. Rb1 Rb4 39. Ne4 Re6 40. f5 gxf5 41. Nf4 Re7 42. Rc8+ Kh7 43. Ng3 Na7 44. Rc5 Nb5 45. Nd5 Re5 46. Nxb4 Rxc5 47. Rxb2 a5 48. Na6 Re5 49. Nb8 a4 50. Nd7 a3 51. Ra2 Re3 52. Kg2 Rxd3 53. Nxf5 Rb3 54. Ra1 Nc3 55. Nc5 Rb2+ 56. Kf3 a2 57. Rg1 Bf6 58. Nd7 Bg5 59. Nf8+ Kg8 60. Ne6 Kf7 61. Nxg5+ hxg5 62. Rh1 Rb1 63. Rh7+ Kg6 0-1

[Event "Ciego de Avila"]
[Site "Ciego de Avila"]
[Date "2010.07.05"]
[Round "9"]
[White "Fernandez Cardoso, Alexey"]
[Black "Castellanos Sanchez, Carlos Manuel"]
[Result "1-0"]
[WhiteElo "2418"]
[BlackElo "2281"]
[PlyCount "89"]
[EventDate "2010.06.27"]
[EventType "tourn"]
[EventRounds "9"]
[EventCountry "CUB"]
[EventCategory "5"]
[SourceTitle "CBM 137 Extra"]
[Source "ChessBase"]
[SourceDate "2010.09.01"]
[SourceVersion "1"]
[SourceVersionDate "2010.09.01"]
[SourceQuality "1"]

1. e4 c5 2. Nf3 g6 3. d4 Bg7 4. Nc3 cxd4 5. Nxd4 Nc6 6. Be3 d6 7. Qd2 Nf6 8. f3 0-0 9. g4 Bxg4 10. fxg4 Nxg4 11. Nb3 Nxe3 12. Qxe3 a5 13. a4 Nb4 14. 0-0-0 Rc8 15. Kb1 Qc7 16. Nd4 Qc5 17. Qd2 d5 18. Bh3 Rcd8 19. Nb3 Qc4 20. exd5 Bxc3 21. Qxc3 Qxc3 22. bxc3 Nxd5 23. Kb2 Nb6 24. Rxd8 Rxd8 25. Nxa5 Ra8 26. Nxb7 Rb8 27. Bg2 Nxa4+ 28. Ka3 Nxc3 29. Kb4 Ne2 30. c4 Nf4 31. Bf3 Nd3+ 32. Kb5 Ne5 33. Bg2 f5 34. c5 Kg7 35. c6 Nxc6 36. Bxc6 e5 37. Kc5 e4 38. Kd5 Ra8 39. Ke5 Ra2 40. h4 Kh6 41. h5 Kg7 42. h6+ Kf8 43. Rd1 e3 44. Rd8+ Ke7 45. Re8+ 1-0

[Event "Ciego de Avila"]
[Site "Ciego de Avila"]
[Date "2010.07.04"]
[Round "8"]
[White "Castellanos Sanchez, Carlos Manuel"]
[Black "Sanchez Alvarez, Roberto Carlos"]
[Result "1/2-1/2"]
[WhiteElo "2281"]
[BlackElo "2307"]
[PlyCount "29"]
[EventDate "2010.06.27"]
[EventType "tourn"]
[EventRounds "9"]
[EventCountry "CUB"]
[EventCategory "5"]
[SourceTitle "CBM 137 Extra"]
[Source "ChessBase"]
[SourceDate "2010.09.01"]
[SourceVersion "1"]
[SourceVersionDate "2010.09.01"]
[SourceQuality "1"]

1. e4 e5 2. Nc3 Nf6 3. Nf3 Nc6 4. Bb5 Bb4 5. 0-0 d6 6. d3 Bg4 7. Bxc6+ bxc6 8. Qe2 0-0 9. Bg5 h6 10. Bxf6 Qxf6 11. Na4 Bxf3 12. Qxf3 Qxf3 13. gxf3 c5 14. c3 Ba5 15. b3 1/2-1/2

[Event "Ciego de Avila"]
[Site "Ciego de Avila"]
[Date "2010.06.29"]
[Round "3"]
[White "Castellanos Sanchez, Carlos Manuel"]
[Black "Obregon Rivero, Juan Carlos"]
[Result "0-1"]
[WhiteElo "2281"]
[BlackElo "2410"]
[PlyCount "120"]
[EventDate "2010.06.27"]
[EventType "tourn"]
[EventRounds "9"]
[EventCountry "CUB"]
[EventCategory "5"]
[SourceTitle "CBM 137 Extra"]
[Source "ChessBase"]
[SourceDate "2010.09.01"]
[SourceVersion "1"]
[SourceVersionDate "2010.09.01"]
[SourceQuality "1"]

1. e4 c5 2. Nc3 Nc6 3. g3 g6 4. Bg2 Bg7 5. d3 e6 6. f4 Nge7 7. Nf3 d5 8. 0-0 0-0 9. Kh1 Rb8 10. Qe1 Nd4 11. Nxd4 cxd4 12. Ne2 dxe4 13. dxe4 d3 14. cxd3 Qxd3 15. f5 exf5 16. Bf4 Ra8 17. Rd1 Qb5 18. Nc3 Qxb2 19. e5 Be6 20. Rb1 Qc2 21. Rxb7 Rac8 22. Rxe7 Qxc3 23. Qxc3 Rxc3 24. Rxa7 h6 25. h4 Rb8 26. Rd1 Rc2 27. a4 Rbb2 28. Ra8+ Kh7 29. Bf1 Bc8 30. Rxc8 Rxc8 31. a5 Ra2 32. a6 Rc5 33. Rd7 Ra1 34. Kg1 Bxe5 35. Bxe5 Rxe5 36. Rxf7+ Kg8 37. Rb7 Re2 38. a7 Rea2 39. Rb8+ Kf7 40. Rb7+ Kf6 41. Rb6+ Ke5 42. Rxg6 Rxa7 43. Kf2 R7a2+ 44. Be2 Rh1 45. Kf3 Rh2 46. Bd3 Ra3 47. Ke3 Rg2 48. h5 Rxg3+ 49. Rxg3 f4+ 50. Ke2 fxg3 51. Bb5 Kf4 52. Kf1 Ra1+ 53. Kg2 Ra2+ 54. Kg1 g2 55. Kh2 Kf3 56. Bc6+ Kf2 57. Bxg2 Ra5 58. Kh3 Rxh5+ 59. Kg4 Rg5+ 60. Kh4 Rxg2 0-1

[Event "Capablanca Memorial op 45th"]
[Site "Havana"]
[Date "2010.06.16"]
[Round "6"]
[White "Castellanos Sanchez, Carlos Manuel"]
[Black "Olivera Medrano, Joan"]
[Result "1/2-1/2"]
[WhiteElo "2299"]
[BlackElo "2396"]
[PlyCount "126"]
[EventDate "2010.06.10"]
[EventType "swiss"]
[EventRounds "10"]
[EventCountry "CUB"]
[SourceTitle "CBM 137 Extra"]
[Source "ChessBase"]
[SourceDate "2010.09.01"]
[SourceVersion "1"]
[SourceVersionDate "2010.09.01"]
[SourceQuality "1"]

1. c4 Nf6 2. Nc3 e6 3. e4 d5 4. e5 Ne4 5. cxd5 Nxc3 6. dxc3 Qxd5 7. Qxd5 exd5 8. Be3 Be6 9. Ne2 Nd7 10. f4 c5 11. Ng3 g6 12. Bb5 a6 13. Bxd7+ Kxd7 14. 0-0 Bf5 15. Nxf5 gxf5 16. Rfd1 Ke6 17. Rd3 Be7 18. Rad1 Rad8 19. Bf2 h5 20. Kf1 h4 21. b4 b6 22. bxc5 bxc5 23. Ke2 c4 24. R3d2 Ba3 25. Kf3 h3 26. g3 Rhg8 27. Bg1 Rh8 28. Be3 Rhg8 29. Bf2 Rh8 30. g4 fxg4+ 31. Kxg4 Rhg8+ 32. Kxh3 Rg6 33. Bg3 Bc5 34. f5+ Kxf5 35. Rxd5 Rxd5 36. Rxd5 Bb6 37. Rd7 Ba5 38. Rxf7+ Ke4 39. Rf4+ Kd3 40. Rf3+ Ke4 41. Kg2 Rb6 42. h4 Rb2+ 43. Bf2 Kxe5 44. h5 Bb6 45. h6 Bxf2 46. Rxf2 Rb6 47. h7 Rh6 48. Rf7 Ke4 49. Rd7 Kf4 50. Re7 Rh5 51. Kf2 Rh2+ 52. Ke1 Kf5 53. Rc7 Ke5 54. Kf1 Kd6 55. Ra7 Ke5 56. Kg1 Rh6 57. a4 Ke4 58. Rd7 Kf3 59. Re7 a5 60. Rf7+ Ke3 61. Rd7 Kf3 62. Re7 Rh5 63. Rf7+ Ke3 1/2-1/2

[Event "San Nicolas de Bari-B"]
[Site "San Nicolas de Bari"]
[Date "2009.11.27"]
[Round "4"]
[White "Castellanos Sanchez, Carlos Manuel"]
[Black "Fuentes Dominguez, Felix"]
[Result "1/2-1/2"]
[WhiteElo "2281"]
[BlackElo "2239"]
[PlyCount "88"]
[EventDate "2009.11.24"]
[EventType "tourn"]
[EventRounds "7"]
[EventCountry "CUB"]
[EventCategory "2"]
[SourceTitle "CBM 133 Extra"]
[Source "ChessBase"]
[SourceDate "2010.01.05"]
[SourceVersion "1"]
[SourceVersionDate "2010.01.05"]
[SourceQuality "1"]

1. d4 Nf6 2. Nf3 c5 3. dxc5 Na6 4. g3 Nxc5 5. Bg2 g6 6. 0-0 Bg7 7. Nc3 0-0 8. Be3 b6 9. Qc1 Bb7 10. Bh6 Rc8 11. Rd1 Nce4 12. Nxe4 Bxe4 13. c3 Rc5 14. Bxg7 Kxg7 15. Rd4 Qc7 16. Qe3 d5 17. Rdd1 Bxf3 18. Bxf3 e6 19. Rd4 Rc8 20. Rh4 Rc4 21. Qh6+ Kg8 22. Rxc4 Qxc4 23. h4 Qb5 24. Qd2 h5 25. a4 Qc5 26. Qg5 Kg7 27. Qe5 Qc7 28. Qd4 e5 29. Qd2 e4 30. Bg2 Qe5 31. Qf4 Qxf4 32. gxf4 Rc5 33. Kf1 Ne8 34. e3 Nd6 35. Bh3 Kf6 36. Ke2 Nf5 37. Bxf5 Kxf5 38. f3 exf3+ 39. Kxf3 Ke6 40. Ke2 Rc8 41. Kd3 f6 42. Rg1 Kf5 43. Rg3 Rc4 44. b3 Re4 1/2-1/2

[Event "San Nicolas de Bari-B"]
[Site "San Nicolas de Bari"]
[Date "2009.11.24"]
[Round "1"]
[White "Castellanos Sanchez, Carlos Manuel"]
[Black "Jimenez Fraga, Pedro Alejandro"]
[Result "1/2-1/2"]
[WhiteElo "2281"]
[BlackElo "2383"]
[PlyCount "75"]
[EventDate "2009.11.24"]
[EventType "tourn"]
[EventRounds "7"]
[EventCountry "CUB"]
[EventCategory "2"]
[SourceTitle "CBM 133 Extra"]
[Source "ChessBase"]
[SourceDate "2010.01.05"]
[SourceVersion "1"]
[SourceVersionDate "2010.01.05"]
[SourceQuality "1"]

1. d4 Nf6 2. c4 e5 3. dxe5 Ng4 4. e4 Nxe5 5. Be2 Bc5 6. Nf3 Nxf3+ 7. Bxf3 Nc6 8. 0-0 d6 9. Nc3 Be6 10. Nd5 0-0 11. Be3 Ne5 12. Bxc5 dxc5 13. Be2 Nc6 14. Re1 Nd4 15. Bf1 a5 16. Rc1 c6 17. Nc3 Qg5 18. Qd3 a4 19. Qg3 Qh5 20. f4 f5 21. exf5 Qxf5 22. Re5 Qxf4 23. Qxf4 Rxf4 24. Rce1 a3 25. b3 Raf8 26. Ne2 Nxe2+ 27. Bxe2 Bd7 28. Rd1 Bg4 29. Bxg4 Rxg4 30. Rxc5 Re8 31. Ra5 Re2 32. Ra8+ Kf7 33. Rf1+ Kg6 34. Rf2 Re1+ 35. Rf1 Re2 36. Rf2 Re1+ 37. Rf1 Re2 38. Rf2 1/2-1/2

[Event "Ciego de Avila Jimenez Memorial 18th"]
[Site "Ciego de Avila"]
[Date "2009.11.17"]
[Round "13"]
[White "Garcia Pantoja, Roberto"]
[Black "Castellanos Sanchez, Carlos Manuel"]
[Result "1-0"]
[WhiteElo "2407"]
[BlackElo "2293"]
[PlyCount "113"]
[EventDate "2009.11.05"]
[EventType "tourn"]
[EventRounds "14"]
[EventCountry "CUB"]
[EventCategory "8"]
[SourceTitle "EXT 2019"]
[Source "ChessBase"]
[SourceDate "2018.10.10"]
[SourceVersion "1"]
[SourceVersionDate "2018.10.10"]
[SourceQuality "1"]

1. e4 e5 2. Nf3 Nc6 3. Bb5 f5 4. d3 d6 5. 0-0 Nf6 6. exf5 Bxf5 7. d4 exd4 8. Nxd4 Bd7 9. Re1+ Be7 10. Bc4 Nxd4 11. Qxd4 b5 12. Bd5 c6 13. Bh6 Kf8 14. Bb3 gxh6 15. Qf4 d5 16. Nc3 Rg8 17. Nxd5 cxd5 18. Bxd5 Rg6 19. Rxe7 Qxe7 20. Bxa8 Kg7 21. Qc7 Rg5 22. Qxa7 Rc5 23. c3 Re5 24. g3 Re2 25. Rd1 Bg4 26. Qxe7+ Rxe7 27. f3 Be6 28. Bc6 Bxa2 29. Bxb5 Bb3 30. Ra1 Re5 31. Bf1 Bd5 32. f4 Re7 33. c4 Bf7 34. b4 Rb7 35. b5 Nd7 36. Ra6 Rc7 37. Rd6 Nc5 38. b6 Rc8 39. Bh3 Ra8 40. Rc6 Ne4 41. b7 Ra1+ 42. Kg2 Rb1 43. Rc7 Kf6 44. Bc8 Rb2+ 45. Kh3 Nf2+ 46. Kh4 Nd1 47. Rc6+ Kg7 48. c5 Rxh2+ 49. Kg4 Bd5 50. f5 Bxc6 51. b8Q Ne3+ 52. Kf4 Nd5+ 53. Ke5 Re2+ 54. Kd6 Ne7 55. Be6 Nxf5+ 56. Bxf5 Be8 57. c6 1-0

[Event "Ciego de Avila Jimenez Memorial 18th"]
[Site "Ciego de Avila"]
[Date "2009.11.14"]
[Round "10"]
[White "Gongora Reyes, Maikel"]
[Black "Castellanos Sanchez, Carlos Manuel"]
[Result "1-0"]
[WhiteElo "2461"]
[BlackElo "2293"]
[PlyCount "75"]
[EventDate "2009.11.05"]
[EventType "tourn"]
[EventRounds "14"]
[EventCountry "CUB"]
[EventCategory "8"]
[SourceTitle "EXT 2019"]
[Source "ChessBase"]
[SourceDate "2018.10.10"]
[SourceVersion "1"]
[SourceVersionDate "2018.10.10"]
[SourceQuality "1"]

1. d4 Nf6 2. c4 g6 3. Nc3 d5 4. cxd5 Nxd5 5. e4 Nxc3 6. bxc3 Bg7 7. Nf3 0-0 8. Be2 c5 9. Rb1 Nc6 10. d5 Ne5 11. Nxe5 Bxe5 12. Qd2 Qa5 13. Bb2 Qxa2 14. 0-0 Qa5 15. f4 Bg7 16. Qe3 Qc7 17. e5 f6 18. c4 Bf5 19. Ra1 Bd7 20. e6 Be8 21. f5 a6 22. Bd3 b5 23. cxb5 Bxb5 24. fxg6 c4 25. gxh7+ Kh8 26. Rfc1 Rac8 27. Be4 a5 28. Bc3 a4 29. Rf1 Be8 30. Rf3 Rb8 31. Rg3 Rb3 32. Bc2 Rxc3 33. Qxc3 Qc5+ 34. Kh1 Qxd5 35. Re1 a3 36. Qxa3 Qd2 37. Rg1 Qxc2 38. Rxg7 1-0

[Event "Ciego de Avila Jimenez Memorial 18th"]
[Site "Ciego de Avila"]
[Date "2009.11.10"]
[Round "6"]
[White "Castellanos Sanchez, Carlos Manuel"]
[Black "Garcia Pantoja, Roberto"]
[Result "0-1"]
[WhiteElo "2293"]
[BlackElo "2407"]
[PlyCount "114"]
[EventDate "2009.11.05"]
[EventType "tourn"]
[EventRounds "14"]
[EventCountry "CUB"]
[EventCategory "8"]
[SourceTitle "EXT 2019"]
[Source "ChessBase"]
[SourceDate "2018.10.10"]
[SourceVersion "1"]
[SourceVersionDate "2018.10.10"]
[SourceQuality "1"]

1. e4 Nf6 2. e5 Nd5 3. Nc3 Nxc3 4. dxc3 Nc6 5. Bf4 d6 6. Nf3 Bg4 7. Bb5 e6 8. h3 Bh5 9. g4 Bg6 10. Qe2 a6 11. Bxc6+ bxc6 12. 0-0-0 d5 13. Nd2 Qb8 14. Be3 Qb5 15. Qxb5 axb5 16. a3 h5 17. f4 c5 18. Rdf1 b4 19. cxb4 cxb4 20. f5 Bh7 21. axb4 Ra1+ 22. Nb1 Bxb4 23. c3 Be7 24. Kc2 hxg4 25. hxg4 exf5 26. Rxh7 Rxh7 27. gxf5 Rh2+ 28. Rf2 Rh3 29. Bc1 Rh1 30. Rg2 Rf1 31. Rxg7 Rxf5 32. b4 Rxe5 33. Kb2 Ra6 34. Na3 Re2+ 35. Kb3 c5 36. bxc5 Bxc5 37. Rg8+ Kd7 38. Nc2 Rb6+ 39. Nb4 d4 40. Rg5 Bxb4 41. cxb4 d3 42. Bf4 Re4 43. Bd2 Rd6 44. Ra5 Re2 45. Kc3 Rg2 46. Ra7+ Ke6 47. b5 Rd5 48. Ra6+ Ke5 49. Ra7 Rxb5 50. Rxf7 Rc5+ 51. Kb4 Rc6 52. Bc3+ Ke4 53. Re7+ Kf3 54. Rd7 Ke2 55. Rd4 Kd1 56. Kb3 d2 57. Bb4 Rb6 0-1

[Event "Ciego de Avila Jimenez Memorial 18th"]
[Site "Ciego de Avila"]
[Date "2009.11.09"]
[Round "5"]
[White "Martinez Duany, Lelys Stanley"]
[Black "Castellanos Sanchez, Carlos Manuel"]
[Result "1/2-1/2"]
[WhiteElo "2543"]
[BlackElo "2293"]
[PlyCount "218"]
[EventDate "2009.11.05"]
[EventType "tourn"]
[EventRounds "14"]
[EventCountry "CUB"]
[EventCategory "8"]
[SourceTitle "EXT 2019"]
[Source "ChessBase"]
[SourceDate "2018.10.10"]
[SourceVersion "1"]
[SourceVersionDate "2018.10.10"]
[SourceQuality "1"]

1. e4 c5 2. Nf3 d6 3. d4 cxd4 4. Nxd4 Nf6 5. Nc3 g6 6. Be2 Bg7 7. 0-0 0-0 8. Be3 Nc6 9. Nb3 a5 10. a4 Be6 11. Nd4 Nxd4 12. Bxd4 Rc8 13. Qd2 Bc4 14. Rfd1 Nxe4 15. Nxe4 Bxd4 16. Qxd4 Bxe2 17. Rd2 Ba6 18. b3 b5 19. axb5 Bxb5 20. h4 Bc6 21. Ng5 h6 22. Nh3 Bd7 23. Nf4 Bf5 24. Nd5 e5 25. Qe3 Kg7 26. c4 Qxh4 27. Nb6 Rc6 28. Rxa5 Rb8 29. Rb5 Qg5 30. Qxg5 hxg5 31. Na4 Ra8 32. Kf1 Be6 33. Rb6 Ra6 34. Rxc6 Rxc6 35. Nc3 Rb6 36. Nb5 d5 37. cxd5 Bd7 38. Nc3 Rxb3 39. Rc2 f5 40. Ke2 Kf6 41. Kd2 g4 42. Ra2 e4 43. Ra6+ Ke5 44. Kc2 Rb4 45. Rxg6 f4 46. Rg8 f3 47. gxf3 gxf3 48. Nd1 Kd4 49. Ne3 Ba4+ 50. Kc1 Kd3 51. Rc8 Ke2 52. Ng4 e3 53. Nxe3 Kxf2 54. Rc3 Rd4 55. Nf5 Rd1+ 56. Kb2 Rxd5 57. Nh4 Bd1 58. Rc7 Kg3 59. Nxf3 Bxf3 60. Kc3 Kf4 61. Re7 Be4 62. Rg7 Ke3 63. Rg3+ Bf3 64. Rh3 Rc5+ 65. Kb4 Rc8 66. Kb3 Ke4 67. Rg3 Bd1+ 68. Kb2 Kd4 69. Rh3 Bc2 70. Rh6 Be4 71. Rb6 Rc2+ 72. Ka3 Bd5 73. Kb4 Rh2 74. Ka3 Kc5 75. Rb5+ Kc6 76. Rb2 Rh4 77. Rb4 Rh8 78. Rf4 Kb5 79. Kb2 Kc5 80. Kc3 Rh3+ 81. Kd2 Bc4 82. Kc2 Bd3+ 83. Kd2 Kd5 84. Kc3 Be4+ 85. Kb4 Bc2 86. Rf8 Rb3+ 87. Ka5 Be4 88. Ka4 Rb7 89. Rd8+ Kc5 90. Rc8+ Bc6+ 91. Ka3 Rb6 92. Rh8 Bd5 93. Rc8+ Kd4 94. Rc2 Rb3+ 95. Ka4 Bc4 96. Rh2 Rb7 97. Rh4+ Kc5 98. Rh5+ Bd5 99. Ka3 Rb3+ 100. Ka4 Rb2 101. Rh3 Ra2+ 102. Ra3 Rg2 103. Rh3 Bf7 104. Rc3+ Bc4 105. Rh3 Ra2+ 106. Ra3 Rb2 107. Rg3 Rb7 108. Ka3 Kd4 109. Ka4 Bd3 1/2-1/2

[Event "Ciego de Avila Jimenez Memorial 17th"]
[Site "Ciego de Avila"]
[Date "2008.01.22"]
[Round "13"]
[White "Jimenez Fraga, Pedro Alejandro"]
[Black "Castellanos Sanchez, Carlos Manuel"]
[Result "1-0"]
[WhiteElo "2375"]
[BlackElo "2297"]
[PlyCount "119"]
[EventDate "2008.12.10"]
[EventType "tourn"]
[EventRounds "14"]
[EventCountry "CUB"]
[EventCategory "4"]
[SourceTitle "EXT 2019"]
[Source "ChessBase"]
[SourceDate "2018.10.10"]
[SourceVersion "1"]
[SourceVersionDate "2018.10.10"]
[SourceQuality "1"]

1. e4 c5 2. Nf3 Nc6 3. d4 cxd4 4. Nxd4 Nf6 5. Nc3 e5 6. Ndb5 d6 7. Bg5 a6 8. Na3 b5 9. Nd5 Qa5+ 10. Bd2 Qd8 11. Bg5 Qa5+ 12. Bd2 Qd8 13. c4 Nxe4 14. cxb5 Be6 15. Bc4 Ne7 16. 0-0 Bxd5 17. Bxd5 Nxd5 18. Ba5 Ndc3 19. Bxc3 Nxc3 20. bxc3 d5 21. Qb3 Bxa3 22. Qxa3 Qe7 23. Qb3 0-0 24. Qxd5 Rfd8 25. Qb3 axb5 26. Qxb5 Qc7 27. Qb2 Rdb8 28. Qc2 Ra3 29. c4 Rc8 30. Rfc1 g6 31. Rab1 Qa7 32. Rb2 Ra5 33. Qb1 Ra4 34. Rb7 Qa6 35. c5 Rc4 36. Rxc4 Qxc4 37. Rb8 Qxc5 38. Rxc8+ Qxc8 39. a4 Qc5 40. g3 h5 41. h4 Kf8 42. Qb7 Qa5 43. Qc6 Ke7 44. Kg2 Qb4 45. Qc7+ Ke6 46. a5 Qd6 47. Qxd6+ Kxd6 48. Kf3 f5 49. Ke3 Kc5 50. Kd3 Kb5 51. a6 Kxa6 52. Kc4 Kb6 53. Kd5 e4 54. Ke5 Kc5 55. Kf6 Kd4 56. Kxg6 Ke5 57. Kxh5 f4 58. Kg4 fxg3 59. fxg3 Kd4 60. h5 1-0